|
|
|
|
| LEADER |
00000nam2a2200000 4500 |
| 001 |
262569 |
| 005 |
20231101233650.0 |
| 035 |
|
|
|a (RuTPU)RU\TPU\book\285552
|
| 035 |
|
|
|a RU\TPU\book\271888
|
| 090 |
|
|
|a 262569
|
| 100 |
|
|
|a 20140602d1987 k y0rusy50 ca
|
| 101 |
0 |
|
|a rus
|
| 102 |
|
|
|a UA
|
| 105 |
|
|
|a a z 001zy
|
| 200 |
0 |
|
|a Вып. 44 : Подземные горные работы
|f отв. ред. В. Ф. Бызов
|
| 210 |
|
|
|d 1987
|
| 215 |
|
|
|a 108 с.
|c ил.
|
| 320 |
|
|
|a Библиография в конце статей
|
| 461 |
|
1 |
|0 (RuTPU)RU\TPU\book\178823
|x 0486-0705
|t Разработка рудных месторождений
|o республиканский межведомственный научно-технический сборник
|v Вып. 44 : Подземные горные работы
|d 1966-1991
|
| 606 |
1 |
|
|a Рудные месторождения
|x Системы разработки (в целом)
|2 stltpush
|3 (RuTPU)RU\TPU\subj\25980
|9 50008
|
| 606 |
1 |
|
|a Рудные месторождения
|x Подземная разработка
|x Горные породы
|x Управление состоянием массива
|2 stltpush
|3 (RuTPU)RU\TPU\subj\25975
|9 50003
|
| 610 |
1 |
|
|a рудные месторождения
|
| 610 |
1 |
|
|a комплексное освоение
|
| 610 |
1 |
|
|a железорудные предприятия
|
| 610 |
1 |
|
|a воспроизводство
|
| 610 |
1 |
|
|a организация труда
|
| 610 |
1 |
|
|a нормирование
|
| 610 |
1 |
|
|a биолокация
|
| 610 |
1 |
|
|a пустоты
|
| 610 |
1 |
|
|a деформации
|
| 610 |
1 |
|
|a выработки
|
| 610 |
1 |
|
|a крепление
|
| 610 |
1 |
|
|a подэтажное обрушение
|
| 610 |
1 |
|
|a кристаллы
|
| 610 |
1 |
|
|a взрывы
|
| 610 |
1 |
|
|a горные породы
|
| 610 |
1 |
|
|a дробление
|
| 610 |
1 |
|
|a разрушение
|
| 610 |
1 |
|
|a экспертные оценки
|
| 610 |
1 |
|
|a оптимизация
|
| 675 |
|
|
|a 622.34.014.1
|v 3
|
| 675 |
|
|
|a 622.834
|v 3
|
| 702 |
|
1 |
|a Бызов
|b В. Ф.
|4 340
|
| 801 |
|
1 |
|a RU
|b 63413507
|c 20130110
|
| 801 |
|
2 |
|a RU
|b 63413507
|c 20151103
|g RCR
|
| 942 |
|
|
|c BK
|